| 000 | 00610cam a2200217 i 4500 | ||
|---|---|---|---|
| 001 | 3718734 | ||
| 005 | 20180131050537.0 | ||
| 008 | 800618s1980 nyua b 001 0 eng | ||
| 010 | _a 80065870 | ||
| 020 |
_a0814456235 : _c$16.95 |
||
| 040 |
_aDLC _cDLC _dDLC |
||
| 041 | _aeng | ||
| 080 | _a658.403 BRA | ||
| 082 | 0 | 0 | _a658.403 BRA |
| 100 | 1 | _a54 | |
| 101 | _aMEN | ||
| 245 | 1 | 0 |
_aManagement decision making : _cJerome D. Braverman. |
| 504 | _aIncludes bibliographical references and index. | ||
| 906 |
_a7 _bcbc _corignew _d1 _eopcn _f19 _gy-gencatlg |
||
| 942 |
_2ddc _cBK |
||
| 999 |
_c41362 _d41362 |
||